[Event "18th Unive Open 2014"]
[Site "Hoogeveen NED"]
[Date "2014.10.15"]
[Round "5.13"]
[White "Van Osch, Mees"]
[Black "Schoorl, Rob"]
[Result "1/2-1/2"]
[BlackTitle "FM"]
[WhiteElo "2188"]
[BlackElo "2330"]
[WhiteFideId "1035967"]
[BlackFideId "1009508"]
[EventDate "2014.10.11"]

1. e4 g6 2. d4 Bg7 3. Nc3 d6 4. h4 h5 5. Nh3 a6 6. Ng5 e6 7. Be3 Nd7 8. Be2 b5
9. d5 e5 10. a4 b4 11. Na2 Nc5 12. Nxb4 f6 13. Ne6 Nxe6 14. dxe6 Bxe6 15. Bxa6
c5 16. Bb5+ Kf7 17. Nd5 Ne7 18. Nxe7 Qxe7 19. Qd3 f5 20. Bg5 Bf6 21. Bxf6 Kxf6
22. f4 Qb7 23. O-O Qxe4 24. Qxd6 Qd4+ 25. Qxd4 exd4 26. Rfe1 Rhd8 27. Re5 Rac8
28. a5 c4 29. Rd1 Rb8 30. a6 Bd5 31. Rxd5 Rxd5 32. Bxc4 Rd7 33. b3 Rb6 34. Ra1
Ra7 35. Ra5 Ke7 36. Kf2 Kd7 37. Ke2 Rd6 38. Rc5 Rb6 39. Kd3 Rd6 40. b4 Rc7 41.
Re5 Kc6 42. Rb5 Re7 43. Rb8 Re3+ 44. Kd2 Ra3 45. Be2 d3 46. b5+ Kc5 47. Bxd3 Rb6
48. Rc8+ Kd4 49. Rd8+ Kc5 50. Rc8+ Kd4 51. Rc4+ Kd5 52. Rb4 Raxa6 53. Kc3 Ra3+
54. Kb2 Ra7 55. Rb3 Kd4 56. Rb4+ Kd5 57. Rb3 Kd4 58. Be2 Re7 59. Bf3 Kc5 60. Bc6
Rxc6 61. bxc6 Kxc6 62. Rd3 Re2 63. Rg3 Re6 64. Kb3 Kd5 65. Rd3+ Kc5 66. Kc3 Re4
67. g3 Re2 68. Rf3 Rg2 69. Re3 Rg1 70. Kd3 Rd1+ 71. Ke2 Rc1 72. Re6 Rxc2+ 73.
Ke3 Rc3+ 74. Kf2 Kd4 75. Rd6+ Ke4 76. Re6+ Kd4 77. Rxg6 Rc2+ 78. Kf3 Rc3+ 79.
Kg2 Rc2+ 80. Kh3 Ke4 81. Ra6 Kf3 82. Ra4 Kf2 83. Ra5 Kg1 84. Ra1+ Kf2 85. Rh1
Rc3 86. Rh2+ Kf3 87. Ra2 Rb3 88. Rc2 Ra3 89. Rb2 1/2-1/2

[Event "18th Unive Open 2014"]
[Site "Hoogeveen NED"]
[Date "2014.10.15"]
[Round "5.14"]
[White "Franco Alonso, Alejandro"]
[Black "Hovenga, Alje"]
[Result "1-0"]
[WhiteTitle "IM"]
[WhiteElo "2454"]
[BlackElo "2201"]
[WhiteFideId "2214067"]
[BlackFideId "1005812"]
[EventDate "2014.10.11"]

1. d4 Nf6 2. c4 Nc6 3. Nf3 e6 4. g3 d5 5. Bg2 dxc4 6. Qa4 Bb4+ 7. Bd2 Nd5 8.
Bxb4 Nxb4 9. O-O Rb8 10. Na3 a6 11. Ne5 O-O 12. Nxc6 Nxc6 13. Bxc6 bxc6 14. Nxc4
Qxd4 15. Rfd1 Qc5 16. Rac1 e5 17. b3 Qb5 18. Qxb5 Rxb5 19. Nb2 Rd5 20. Rxc6
Rxd1+ 21. Nxd1 Rd8 22. Nc3 Rd7 23. Kf1 Kf8 24. Ke1 Ke8 25. Na4 Kd8 26. Rc5 f6
27. Rc3 Rd6 28. h4 h6 29. Nc5 a5 30. Rc4 Rc6 31. Kd2 g5 32. hxg5 hxg5 33. Kc3
Ke7 34. e3 Kd8 35. Ne4 Rb6 36. Ra4 Rc6+ 37. Rc4 Rb6 38. Nc5 Rc6 39. Kb2 Ba6 40.
Rc1 Bc8 41. Ka3 Rd6 42. Rc2 Rd1 43. Ka4 Bf5 44. e4 Bc8 45. Kxa5 f5 46. exf5 Bxf5
47. Re2 Rd5 48. Kb4 Bg4 49. Re3 Bf5 50. Kc4 c6 51. b4 Kc7 52. Kc3 Kd6 53. Re2
Kc7 54. Rd2 Kb6 55. a4 Bc8 56. Ne4 g4 57. Nd6 Bd7 58. Nc4+ Kc7 59. Rxd5 cxd5 60.
Nxe5 Bxa4 61. Nxg4 Kd6 62. Kd4 1-0

[Event "18th Unive Open 2014"]
[Site "Hoogeveen NED"]
[Date "2014.10.15"]
[Round "5.15"]
[White "De Jong, Migchiel"]
[Black "Buckels, Valentin"]
[Result "1-0"]
[WhiteTitle "IM"]
[WhiteElo "2321"]
[BlackElo "2179"]
[WhiteFideId "1002848"]
[BlackFideId "12942766"]
[EventDate "2014.10.11"]

1. Nf3 Nf6 2. c4 e6 3. g3 d5 4. Bg2 dxc4 5. Qa4+ c6 6. Qxc4 b5 7. Qc2 Bb7 8. Nc3
a6 9. O-O Be7 10. d4 Nbd7 11. Ne5 Rc8 12. Bg5 h6 13. Nxd7 Qxd7 14. Bxf6 gxf6 15.
Rfd1 Qc7 16. Rac1 O-O 17. Ne4 Rfd8 18. Nc5 Bxc5 19. Qxc5 Rd6 20. Qh5 Kg7 21.
Qg4+ Kf8 22. Qf4 Kg7 23. Rc5 e5 24. Qg4+ Kf8 25. d5 Rcd8 26. Rdc1 Qb6 27. Qh5
Kg7 28. Be4 cxd5 29. Rc7 R8d7 30. Rxd7 Rxd7 31. Qg4+ Kf8 32. Qxd7 dxe4 33. Rc7 1-0

[Event "18th Unive Open 2014"]
[Site "Hoogeveen NED"]
[Date "2014.10.15"]
[Round "5.16"]
[White "Wunnink, Michael"]
[Black "Groetzbach, Julian"]
[Result "1/2-1/2"]
[WhiteElo "2286"]
[BlackElo "2169"]
[WhiteFideId "1005448"]
[BlackFideId "24600938"]
[EventDate "2014.10.11"]

1. d4 d5 2. c4 c6 3. Nf3 Nf6 4. Qb3 dxc4 5. Qxc4 Bg4 6. Nbd2 Nbd7 7. g3 e6 8.
Bg2 Be7 9. O-O O-O 10. Qb3 Qb6 11. Nc4 Qxb3 12. axb3 Bb4 13. Na5 Bxa5 14. Rxa5
Bf5 15. Nd2 Bc2 16. Ra3 Nb6 17. Nc4 Rfd8 18. Na5 Rd7 19. b4 Be4 20. f3 Bc2 21.
Be3 Nfd5 22. Bd2 Nc7 23. Rc1 Bg6 24. e3 Nb5 25. Raa1 e5 26. Bh3 f5 27. g4 Rf8
28. Rc5 exd4 29. gxf5 Bf7 30. e4 Bh5 31. f6 Bxf3 32. Be6+ Kh8 33. Bxd7 Nxd7 34.
fxg7+ Kxg7 35. Rf5 Rxf5 36. exf5 Kf6 37. Nxb7 Ne5 38. Nc5 Bd5 39. Bf4 Nf3+ 40.
Kf2 Kxf5 41. Kg3 h5 42. h4 Nxh4 43. Rf1 Ng2 44. Bd2+ Ke5 45. Nd3+ Ke4 46. Nc5+
Ke5 47. Nd3+ Ke4 48. Rf3 Ne3 49. Nc5+ Ke5 50. Bxe3 dxe3 51. Rxe3+ 1/2-1/2

[Event "18th Unive Open 2014"]
[Site "Hoogeveen NED"]
[Date "2014.10.15"]
[Round "5.17"]
[White "Clemens, Adrian"]
[Black "Colijn, Stefan"]
[Result "1/2-1/2"]
[WhiteTitle "FM"]
[WhiteElo "2195"]
[BlackElo "2259"]
[WhiteFideId "1006487"]
[BlackFideId "1016199"]
[EventDate "2014.10.11"]

1. d4 Nf6 2. c4 e6 3. Nc3 Bb4 4. e3 c5 5. Ne2 d5 6. a3 cxd4 7. exd4 Be7 8. Nf4
dxc4 9. Bxc4 O-O 10. O-O a6 11. Ba2 b5 12. d5 e5 13. Nd3 e4 14. Nf4 Bd6 15. f3
exf3 16. Qxf3 Qc7 17. h3 Nbd7 18. Kh1 Ne5 19. Qf2 Ng6 20. Nxg6 hxg6 21. Bf4 Nh5
22. Bxd6 Qxd6 23. Rfe1 Ng3+ 24. Kg1 Bf5 25. Re3 Nh5 26. g4 Rae8 27. Rae1 Rxe3
28. Rxe3 Nf4 29. gxf5 gxf5 30. Rf3 g5 31. Ne2 Ng6 32. Rxf5 f6 33. Qe3 Kg7 34.
Rf2 Nh4 35. Nd4 Rc8 36. Nc6 Rc7 37. Kh1 Rf7 38. Re2 Nf5 39. Qe6 Qf4 40. Nd8 Qf1+
41. Kh2 Re7 42. Qxe7+ Nxe7 43. Rxe7+ Kf8 44. d6 Qf2+ 45. Kh1 Qf1+ 46. Kh2 Qf4+
47. Kg2 Qxd6 48. Rf7+ Ke8 49. Nb7 Qd2+ 50. Kf3 Qxb2 51. Nd6+ Kd8 52. Nb7+ Ke8 1/2-1/2

[Event "18th Unive Open 2014"]
[Site "Hoogeveen NED"]
[Date "2014.10.15"]
[Round "5.18"]
[White "Boer, Alef"]
[Black "Raghavi, N."]
[Result "0-1"]
[BlackTitle "WIM"]
[WhiteElo "2167"]
[BlackElo "2253"]
[WhiteFideId "1007122"]
[BlackFideId "5017173"]
[EventDate "2014.10.11"]

1. c4 Nf6 2. g3 e6 3. Nf3 c5 4. Bg2 d5 5. O-O Nc6 6. b3 Be7 7. Bb2 O-O 8. e3 d4
9. exd4 cxd4 10. Re1 Ne8 11. d3 f6 12. Na3 e5 13. Nc2 Nc7 14. a3 a5 15. Qd2 Na6
16. Rab1 Rb8 17. Ba1 Qd6 18. Nh4 g5 19. Bd5+ Kh8 20. Ng2 Bh3 21. Qe2 Nc7 22. Qh5
Bd7 23. Bf3 Rg8 24. g4 Ne6 25. Be4 Rg7 26. f3 b5 27. Qh3 Nc5 28. Qg3 Nd8 29. Qf2
bxc4 30. bxc4 Rxb1 31. Rxb1 Nxe4 32. dxe4 Be6 33. Qd2 Nc6 34. Nge1 Bxc4 35. Nd3
Rg8 36. Kf2 Rb8 37. Rxb8+ Qxb8 38. Nc1 Qb1 39. Kg3 Kg7 40. h4 h6 41. h5 Bb5 0-1

[Event "18th Unive Open 2014"]
[Site "Hoogeveen NED"]
[Date "2014.10.15"]
[Round "5.19"]
[White "Szostko, Jakub"]
[Black "Lorscheid, Gerhard"]
[Result "1/2-1/2"]
[BlackTitle "FM"]
[WhiteElo "2102"]
[BlackElo "2242"]
[WhiteFideId "1174282"]
[BlackFideId "4606000"]
[EventDate "2014.10.11"]

1. e4 d6 2. d4 Nf6 3. Nc3 e5 4. Nf3 Nbd7 5. Bc4 Be7 6. a4 O-O 7. O-O c6 8. h3 b6
9. Qe2 a6 10. Rd1 Qc7 11. Be3 Bb7 1/2-1/2

[Event "18th Unive Open 2014"]
[Site "Hoogeveen NED"]
[Date "2014.10.15"]
[Round "5.20"]
[White "Vogel, Jaap"]
[Black "Henseler, Jorgen"]
[Result "1/2-1/2"]
[WhiteTitle "FM"]
[WhiteElo "2239"]
[BlackElo "2085"]
[WhiteFideId "1000764"]
[BlackFideId "1023233"]
[EventDate "2014.10.11"]

1. d4 d5 2. Nf3 Nf6 3. c4 c6 4. e3 e6 5. Nbd2 Nbd7 6. Bd3 Bd6 7. O-O O-O 8. e4
dxe4 9. Nxe4 Nxe4 10. Bxe4 Nf6 11. Bc2 h6 12. h3 c5 13. dxc5 Bxc5 14. Bf4 Qxd1
15. Rfxd1 b6 16. Bd6 Bxd6 17. Rxd6 Bb7 18. Ne5 Rfd8 19. Rad1 Rxd6 20. Rxd6 Kf8
21. f3 Ke7 22. Rd4 Rc8 23. b4 Rc7 24. Ba4 Nh7 25. Bc2 Nf8 26. f4 1/2-1/2

[Event "18th Unive Open 2014"]
[Site "Hoogeveen NED"]
[Date "2014.10.15"]
[Round "5.21"]
[White "Hoffman, Ron"]
[Black "Vereggen, Lars"]
[Result "1/2-1/2"]
[WhiteElo "2086"]
[BlackElo "2206"]
[WhiteFideId "1007599"]
[BlackFideId "1029258"]
[EventDate "2014.10.11"]

1. d4 c5 2. c3 e6 3. e4 cxd4 4. cxd4 Nf6 5. e5 Nd5 6. Nf3 Nc6 7. Bd3 d6 8. a3
dxe5 9. dxe5 Qc7 10. O-O Bd7 11. Qe2 Be7 12. Re1 O-O-O 13. Bd2 g5 14. Nc3 g4 15.
Nxd5 gxf3 16. Nxe7+ Nxe7 17. Qxf3 Bc6 18. Qe3 Rhg8 19. Bf1 Nf5 20. Qc3 Nh4 21.
Re3 Nxg2 22. Rg3 Nh4 23. Be2 Nf5 24. Be3 Nxg3 25. hxg3 h5 26. Rc1 h4 27. g4 Kb8
28. Qc5 Rd5 29. Qxa7+ Kc8 30. Qa8+ Qb8 31. Rxc6+ bxc6 32. Qxc6+ Qc7 33. Qa8+ Qb8
34. Qc6+ Qc7 35. Qa8+ Qb8 1/2-1/2

[Event "18th Unive Open 2014"]
[Site "Hoogeveen NED"]
[Date "2014.10.15"]
[Round "5.22"]
[White "Vedder, Richard"]
[Black "Mijnheer, Peter"]
[Result "1-0"]
[WhiteTitle "FM"]
[WhiteElo "2277"]
[BlackElo "2169"]
[WhiteFideId "1004166"]
[BlackFideId "1007408"]
[EventDate "2014.10.11"]

1. e4 c5 2. Nf3 Nc6 3. d4 cxd4 4. Nxd4 g6 5. Nc3 Bg7 6. Be3 Nf6 7. Bc4 O-O 8.
Bb3 a5 9. O-O Ng4 10. Qxg4 Nxd4 11. Qd1 Nxb3 12. axb3 Ra6 13. Bd4 Rc6 14. Bxg7
Kxg7 15. Qd2 f6 16. Rfd1 d6 17. h3 Be6 18. Nb5 Rc5 19. Nd4 Bf7 20. Ra3 e5 21.
Ne2 d5 22. c3 Qc7 23. Rda1 dxe4 24. Ng3 Rd8 25. Qe3 Rd3 26. Qxe4 Rd2 27. Qg4 Qd8
28. b4 Rc4 29. Qf3 axb4 30. Ra8 Qd5 31. Qe3 Rd1+ 32. Rxd1 Qxd1+ 33. Kh2 bxc3 34.
bxc3 Qd5 35. Qa7 1-0

[Event "18th Unive Open 2014"]
[Site "Hoogeveen NED"]
[Date "2014.10.15"]
[Round "5.23"]
[White "Fluit, Johnny"]
[Black "Van der Lende, Ilias"]
[Result "0-1"]
[WhiteElo "2108"]
[BlackElo "2277"]
[WhiteFideId "1016253"]
[BlackFideId "1019260"]
[EventDate "2014.10.11"]

1. d4 d5 2. Nf3 e6 3. g3 c6 4. c4 Bd6 5. Bg2 f5 6. O-O Nf6 7. e3 O-O 8. b3 Qe7
9. Bb2 a5 10. Nbd2 a4 11. c5 Bc7 12. b4 b6 13. cxb6 Bd6 14. a3 Nbd7 15. Re1 Nxb6
16. Rc1 Bb7 17. Bf1 Rfc8 18. Bd3 Ba6 19. Bxa6 Rxa6 20. Qe2 Raa8 21. Rc2 Ne4 22.
Rec1 Qd7 23. Ne5 Bxe5 24. dxe5 Nxd2 25. Qxd2 Rc7 26. Bd4 Nc4 27. Qd3 Rac8 28.
Rc3 g5 29. Qd1 Ra8 30. f4 g4 31. e4 Nb2 32. Qe2 dxe4 33. Bc5 Nd3 34. Rd1 Rd8 35.
Bd6 Rcc8 36. Rdxd3 exd3 37. Qxd3 Qa7+ 38. Rc5 Kf7 39. Kf1 h5 40. Qc4 Qb7 41. Qc2
Qa6+ 42. Ke1 h4 43. Ra5 Qb7 44. Qxa4 Ra8 45. Rxa8 Rxa8 46. Qb3 c5 47. Bxc5 Qh1+
48. Ke2 Qxh2+ 49. Bf2 hxg3 0-1

[Event "18th Unive Open 2014"]
[Site "Hoogeveen NED"]
[Date "2014.10.15"]
[Round "5.24"]
[White "Goossens, Hanne"]
[Black "Smeets, Pierre"]
[Result "1/2-1/2"]
[WhiteTitle "WFM"]
[WhiteElo "2187"]
[BlackElo "2044"]
[WhiteFideId "200468"]
[BlackFideId "1043820"]
[EventDate "2014.10.11"]

1. e4 e6 2. d4 d5 3. Nd2 Nf6 4. e5 Nfd7 5. c3 c5 6. Bd3 Nc6 7. Ne2 cxd4 8. cxd4
f6 9. exf6 Nxf6 10. Nf3 Bd6 11. O-O Qc7 12. Bd2 O-O 13. Rc1 Bd7 14. Re1 Ne4 15.
Bxe4 dxe4 16. Ne5 Qd8 17. Bf4 Bb4 18. Rf1 Rc8 19. Nxd7 Qxd7 20. Be3 Ne7 21. Qb3
Ba5 22. Nc3 Bxc3 23. bxc3 b5 24. Rfe1 Qd5 25. Qb1 Qf5 26. Re2 Qg4 27. Qb2 Nd5
28. Ree1 a6 29. Qc2 Rxc3 30. Qd2 Rfc8 31. a3 Nxe3 32. fxe3 Rxc1 33. Rxc1 Rxc1+
34. Qxc1 Qe2 35. h3 Qc4 36. Qb2 a5 37. Qb1 Qd3 38. Qc1 Qc4 39. Qb1 Qd3 40. Qc1
Qc4 1/2-1/2

[Event "18th Unive Open 2014"]
[Site "Hoogeveen NED"]
[Date "2014.10.15"]
[Round "5.25"]
[White "Hummel, Paul"]
[Black "Mueer, Sebastian"]
[Result "0-1"]
[WhiteElo "2027"]
[BlackElo "2185"]
[WhiteFideId "1021168"]
[BlackFideId "24622001"]
[EventDate "2014.10.11"]

1. Nf3 c5 2. c4 Nc6 3. g3 e5 4. Nc3 g6 5. Bg2 Bg7 6. O-O Nge7 7. Ne1 O-O 8. Nc2
d6 9. a3 Be6 10. Nd5 Qd7 11. d3 Bh3 12. Rb1 Bxg2 13. Kxg2 Nxd5 14. cxd5 Ne7 15.
e4 f5 16. b4 f4 17. f3 h5 18. bxc5 dxc5 19. a4 g5 20. Na3 Ng6 21. Rb5 g4 22.
Rxc5 fxg3 23. hxg3 gxf3+ 24. Rxf3 Nh4+ 25. gxh4 Qg4+ 26. Kf2 Rxf3+ 27. Qxf3 Rf8
28. Qxf8+ Bxf8 29. Rc3 Qxh4+ 30. Kf1 Qh3+ 31. Ke2 Qg4+ 32. Kf2 Be7 33. d4 exd4 0-1

[Event "18th Unive Open 2014"]
[Site "Hoogeveen NED"]
[Date "2014.10.15"]
[Round "5.26"]
[White "Majhi, Ankit"]
[Black "Lesmann, Francis"]
[Result "1-0"]
[WhiteElo "2172"]
[BlackElo "2090"]
[WhiteFideId "1033735"]
[BlackFideId "1001949"]
[EventDate "2014.10.11"]

1. e4 g6 2. d4 Bg7 3. Nf3 d6 4. c3 Nf6 5. Bd3 Bg4 6. Nbd2 Nbd7 7. h3 Bxf3 8.
Nxf3 e5 9. O-O O-O 10. Bg5 h6 11. Bd2 c6 12. Re1 Re8 13. Qc1 Kh7 14. Qc2 Qc7 15.
Rad1 Rad8 16. b4 Nf8 17. dxe5 dxe5 18. Be3 N6d7 19. a4 Ne6 20. Qb3 b6 21. Bc4
Nf6 22. Rxd8 Nxd8 23. Qc2 Nb7 24. Rb1 Nd6 25. Bd3 Nfxe4 26. Bxe4 f5 27. Nd2 Nxe4
28. Nxe4 fxe4 29. Qxe4 Rd8 30. c4 Qd7 31. c5 bxc5 32. bxc5 Qd5 33. Qxd5 cxd5 34.
c6 d4 35. Bd2 Rc8 36. Rc1 Bf8 37. c7 Kg7 38. Rc6 Kf7 39. Ba5 g5 40. Kf1 e4 41.
f3 exf3 42. gxf3 Ke8 43. Ra6 Kd7 44. Rxa7 Bd6 45. Ke2 Re8+ 46. Kd3 Rf8 47. Kc4
d3 48. Kxd3 Rxf3+ 49. Ke2 Rf8 50. Bb6 h5 51. a5 Kc6 52. Be3 Bxc7 53. Bxg5 Rf5
54. Bd2 Rb5 55. h4 Bd8 56. Be1 Re5+ 57. Kd1 Rd5+ 58. Kc2 Kb5 59. Ra8 Bc7 60. a6
Bb6 61. a7 Ka6 62. Rg8 Bxa7 63. Rg5 Rb5 64. Kd3 Rb3+ 65. Bc3 Bf2 66. Kc4 Rb6 67.
Rxh5 Re6 68. Kd5 Rb6 69. Rh8 Rb5+ 70. Ke6 Rb3 71. Be5 Rb6+ 72. Kf5 Bxh4 73. Rxh4
Rc6 74. Ke4 Kb5 75. Rh2 Rc4+ 76. Bd4 Rc1 77. Kd5 Rc4 78. Rh7 Rb4 79. Ra7 Rb3 80.
Ra8 Rb4 81. Bc3 Rg4 82. Rb8+ Ka6 83. Bb4 Ka7 84. Bd6 Rg5+ 85. Kc6 Rg2 86. Re8 1-0

[Event "18th Unive Open 2014"]
[Site "Hoogeveen NED"]
[Date "2014.10.15"]
[Round "5.27"]
[White "Poznyak, Nazar"]
[Black "Schoehuijs, Erik"]
[Result "0-1"]
[WhiteElo "1824"]
[BlackElo "2160"]
[WhiteFideId "14159902"]
[BlackFideId "1004425"]
[EventDate "2014.10.11"]

1. e4 e5 2. Nf3 Nc6 3. Bb5 Nf6 4. d3 d6 5. h3 Be7 6. c3 O-O 7. O-O Bd7 8. Re1 h6
9. d4 a6 10. Ba4 b5 11. Bb3 Re8 12. Nbd2 Bf8 13. Bc2 Na5 14. Nf1 c5 15. b4 cxb4
16. cxb4 Nc6 17. a3 a5 18. d5 Ne7 19. Bd2 a4 20. Ng3 g6 21. Nh2 Nc8 22. Nhf1 Nb6
23. Ne3 Bg7 24. Qe2 Rf8 25. Bd3 Qe8 26. Rac1 h5 27. Rc7 h4 28. Ngf1 Nh5 29. Nf5
gxf5 30. Qxh5 fxe4 31. Rxe4 f5 32. Rxh4 Qxh5 33. Rxh5 e4 34. Be2 Rf7 35. Ne3 f4
36. Ng4 Bxg4 37. Rxf7 Bxe2 38. Rhf5 e3 39. fxe3 Nc4 40. Rc7 Be5 41. Rg5+ Kh8 42.
Kf2 Bd3 43. exf4 Bd4+ 44. Ke1 Re8+ 45. Kd1 Re2 46. Rc8+ Kh7 47. Rh5+ Kg6 48.
Rg5+ Kf6 49. Bc1 Bf2 50. Rf8+ Ke7 0-1

[Event "18th Unive Open 2014"]
[Site "Hoogeveen NED"]
[Date "2014.10.15"]
[Round "5.28"]
[White "Gieben, Stijn"]
[Black "Groetzbach, Daniel"]
[Result "1/2-1/2"]
[WhiteElo "2157"]
[BlackElo "1976"]
[WhiteFideId "1034170"]
[BlackFideId "24692166"]
[EventDate "2014.10.11"]

1. e4 c5 2. Nf3 d6 3. d4 cxd4 4. Nxd4 Nf6 5. Nc3 a6 6. f3 e5 7. Nb3 Be7 8. Be3
Be6 9. Qd2 Nbd7 10. O-O-O b5 11. g4 Nb6 12. Na5 Qc7 13. g5 Nfd7 14. Nd5 Bxd5 15.
exd5 Rc8 16. c4 Nxd5 17. Qxd5 Qxa5 18. Kb1 Rb8 19. Qc6 bxc4 20. Bxc4 Qd8 21.
Bxa6 O-O 22. Bb7 Qa5 23. Rd5 Nc5 24. Bxc5 dxc5 25. Rxe5 Qd8 26. Rd5 Qa5 27. Re5
Qd8 28. h4 Qd3+ 29. Ka1 Rfd8 30. a4 Bf8 31. Rd5 Qb3 32. Rxd8 Rxd8 33. Ba6 Rd4
34. Bb5 Rd2 35. Rb1 g6 36. Qa8 c4 37. Qc8 Rd4 38. Rc1 Rd1 39. Rxd1 Qxd1+ 40. Ka2
Qb3+ 1/2-1/2

[Event "18th Unive Open 2014"]
[Site "Hoogeveen NED"]
[Date "2014.10.15"]
[Round "5.29"]
[White "Mellema, Andries"]
[Black "Hummel, Joop"]
[Result "1-0"]
[WhiteElo "2136"]
[BlackElo "1975"]
[WhiteFideId "1011464"]
[BlackFideId "1012126"]
[EventDate "2014.10.11"]

1. e4 c5 2. Nf3 d6 3. d4 cxd4 4. Nxd4 Nf6 5. Nc3 a6 6. h3 e6 7. g4 d5 8. exd5
Nxd5 9. Nde2 Bc5 10. Nxd5 exd5 11. Bg2 O-O 12. Qxd5 Qb6 13. O-O Nc6 14. Nc3 Nb4
15. Qe4 f5 16. Qe2 fxg4 17. Na4 Qg6 18. Be4 Bf5 19. Nxc5 gxh3+ 20. Kh1 Rae8 21.
f3 b6 22. Rg1 Qh5 23. Rg5 Bxe4 24. Nxe4 Qxf3+ 25. Qxf3 Rxf3 26. Rg4 Nxc2 27. Rb1
Rf1+ 28. Kh2 Ne3 29. Bxe3 Rxb1 30. Nf6+ Kf7 31. Nxe8 Kxe8 32. Bd4 g6 33. Kxh3 b5
34. Bc3 Rf1 35. Rd4 Rf7 36. Rd6 a5 37. Bxa5 Rf2 38. Bc3 b4 39. Bh8 Rf5 40. Rd2
Ra5 41. b3 Ke7 42. Bd4 Ke6 43. Bf2 Kf5 44. Kg3 h5 45. Kf3 g5 46. Rc2 g4+ 47. Kg3
Ke4 48. Bc5 Kd3 49. Bxb4 Ra8 50. Rc3+ Ke2 51. a4 Rb8 52. Bd6 Rd8 53. Bf4 Rd1 54.
Rc2+ Kd3 55. Rd2+ 1-0

[Event "18th Unive Open 2014"]
[Site "Hoogeveen NED"]
[Date "2014.10.15"]
[Round "5.30"]
[White "Den Hartog, Marijn"]
[Black "Oord, Raymon"]
[Result "1-0"]
[WhiteElo "2127"]
[BlackElo "1841"]
[WhiteFideId "1046098"]
[BlackFideId "1046110"]
[EventDate "2014.10.11"]

1. e4 g6 2. d4 Bg7 3. Nf3 c6 4. Be2 d5 5. Nc3 Bg4 6. Be3 e6 7. Qd2 Ne7 8. h3
Bxf3 9. Bxf3 O-O 10. O-O Nd7 11. exd5 cxd5 12. Rad1 Nf5 13. Bg4 Nxe3 14. fxe3
Nb6 15. b3 Rc8 16. Rc1 a6 17. Nd1 Qd6 18. Be2 e5 19. Nf2 exd4 20. exd4 Rfe8 21.
c3 h5 22. Bf3 Re7 23. Rfe1 Rce8 24. Rxe7 Rxe7 25. Kf1 Na8 26. Re1 Nc7 27. Rxe7
Qxe7 28. Nd3 Bf6 29. Qe2 Qd6 30. Nc5 b5 31. Nd3 Qh2 32. Qe3 Qd6 33. Ke2 a5 34.
Qf4 Qc6 35. Kd2 Bg7 36. Ne5 Bxe5 37. Qxe5 f6 38. Qe7 a4 39. Kc2 axb3+ 40. axb3
b4 41. Qxb4 Qd7 42. Qc5 Kg7 43. Kb2 h4 44. Qa7 Qf7 45. Qa1 f5 46. Qe1 g5 47. Qe2
Qd7 48. Qe5+ Kh7 49. Qf6 Nb5 50. Qxg5 Qa7 51. Qxf5+ Kh6 52. Qf8+ Kg5 53. Bxd5
Qa5 54. Qc5 Kf4 55. Bc6 Ke3 56. d5+ Kd2 57. Bxb5 1-0

[Event "18th Unive Open 2014"]
[Site "Hoogeveen NED"]
[Date "2014.10.15"]
[Round "5.31"]
[White "Elgersma, Simon"]
[Black "Bakels, Anton"]
[Result "1/2-1/2"]
[WhiteElo "1747"]
[BlackElo "2056"]
[WhiteFideId "1046101"]
[BlackFideId "1046187"]
[EventDate "2014.10.11"]

1. e4 c5 2. Nf3 d6 3. d4 cxd4 4. Nxd4 Nf6 5. Nc3 a6 6. Be3 e5 7. Nb3 Be7 8. f3
Be6 9. Qd2 O-O 10. O-O-O a5 11. Bb5 Na6 12. g4 Qb8 13. g5 Ne8 14. f4 a4 15. Bxa4
Nec7 16. Bb5 Nb4 17. a3 d5 18. fxe5 dxe4 19. axb4 Bxb4 20. Qe2 Bxb3 21. cxb3 Ra5
22. Bd7 Bxc3 23. bxc3 Qa8 24. Qc4 Nd5 25. Qd4 Ra1+ 26. Kd2 Qa2+ 27. Ke1 Rxd1+
28. Kxd1 Qa1+ 29. Bc1 Nxc3+ 30. Kc2 Ra8 31. Qxc3 Ra2+ 32. Bb2 Rxb2+ 33. Qxb2
Qxh1 34. Qc3 Qxh2+ 35. Kb1 g6 36. e6 Qg1+ 37. Qc1 Qd4 38. Qc8+ Kg7 39. e7 Qd1+
40. Kb2 Qd2+ 41. Qc2 Qxd7 42. Qxe4 Qd2+ 43. Ka3 Qa5+ 44. Qa4 Qc5+ 45. Qb4 Qc1+
46. Ka2 Qc2+ 47. Ka1 Qc1+ 1/2-1/2

[Event "18th Unive Open 2014"]
[Site "Hoogeveen NED"]
[Date "2014.10.15"]
[Round "5.32"]
[White "Sadallah, Osama"]
[Black "Hendriks, Richard"]
[Result "1/2-1/2"]
[WhiteElo "2108"]
[BlackElo "2110"]
[WhiteFideId "1002350"]
[BlackFideId "1006096"]
[EventDate "2014.10.11"]

1. d4 d5 2. Nf3 Nf6 3. Bf4 e6 4. e3 Be7 5. h3 O-O 6. Bd3 b6 7. Qe2 a5 8. Ne5 Ba6
9. c4 dxc4 10. Bxc4 Bxc4 11. Qxc4 Qd5 12. O-O Qxc4 13. Nxc4 Nd5 14. Bg3 b5 15.
Ne5 Bd6 16. e4 Nb6 17. Rc1 f6 18. Nd3 Bxg3 19. fxg3 Rd8 20. Nf4 Rxd4 21. Nxe6
Rc4 22. Na3 Rxc1+ 23. Rxc1 c6 24. Nc2 Ra7 25. Ncd4 Re7 26. b3 N6d7 27. g4 Ne5
28. g5 Rd7 29. gxf6 gxf6 30. Kf1 Kf7 31. Ng5+ Kg6 32. Ngf3 Nxf3 33. Nxf3 Re7 34.
e5 Nd7 35. Nh4+ Kf7 36. exf6 Re6 37. Nf5 Rxf6 38. g4 Kf8 39. Rd1 Ke8 40. Rc1 Nb6
41. Re1+ Kd8 42. Kg2 h5 43. Kg3 hxg4 44. Kxg4 c5 45. Re5 Rc6 46. h4 Nd7 47. Re1
c4 48. Nd4 Rd6 49. Ne6+ Kc8 50. bxc4 bxc4 51. Ng5 c3 52. Ne4 Re6 1/2-1/2

[Event "18th Unive Open 2014"]
[Site "Hoogeveen NED"]
[Date "2014.10.15"]
[Round "6.1"]
[White "Mikhalevski, Victor"]
[Black "Vovk, Andrey"]
[Result "1/2-1/2"]
[WhiteTitle "GM"]
[BlackTitle "GM"]
[WhiteElo "2550"]
[BlackElo "2637"]
[WhiteFideId "2801914"]
[BlackFideId "14114470"]
[EventDate "2014.10.11"]

1. d4 f5 2. g3 Nf6 3. Bg2 g6 4. c4 Bg7 5. Nf3 O-O 6. O-O d6 7. Nc3 c6 8. d5 e5
9. dxe6 Bxe6 10. b3 Na6 11. Bb2 Qe7 12. Ng5 Bd7 13. Qc2 Rad8 14. Rad1 Nc5 15. e3
h6 16. Nf3 g5 17. Nd4 Nce4 18. Nde2 Rfe8 19. Qc1 Bc8 20. Qc2 Bd7 21. Qc1 Bc8 22.
Qc2 Bd7 1/2-1/2

[Event "18th Unive Open 2014"]
[Site "Hoogeveen NED"]
[Date "2014.10.15"]
[Round "6.2"]
[White "Beliavsky, Alexander G"]
[Black "Stocek, Jiri"]
[Result "1/2-1/2"]
[WhiteTitle "GM"]
[BlackTitle "GM"]
[WhiteElo "2618"]
[BlackElo "2551"]
[WhiteFideId "14602377"]
[BlackFideId "304760"]
[EventDate "2014.10.11"]

1. d4 Nf6 2. c4 c5 3. d5 b5 4. cxb5 a6 5. bxa6 g6 6. Nc3 Bg7 7. e4 O-O 8. Nf3
Qa5 9. Nd2 Bxa6 10. Be2 d6 11. O-O Nfd7 12. a4 Bxc3 13. bxc3 Qxc3 14. Ra3 Qd4
15. Re1 Bxe2 16. Qxe2 Ne5 17. a5 Nbd7 18. Nf3 Qc4 19. Nxe5 Nxe5 20. f4 Qxe2 21.
Rxe2 Nc4 22. Ra4 Nb6 23. Ra1 Ra6 24. Rea2 Nd7 25. Rb1 Rfa8 26. Bd2 f5 27. exf5
gxf5 28. Bc3 Kf7 29. Re2 Nf6 30. Bxf6 Kxf6 31. Rb7 Re8 32. Re6+ Kf7 33. h3 Rxa5
34. Rxd6 Ra4 35. Rh6 Kg7 36. Re6 Rxf4 37. Rbxe7+ 1/2-1/2